International relations theories : (Record no. 13592)
[ view plain ]
| 000 -LEADER | |
|---|---|
| fixed length control field | 01715cam a22003138a 4500 |
| 001 - CONTROL NUMBER | |
| control field | 15975890 |
| 005 - DATE AND TIME OF LATEST TRANSACTION | |
| control field | 20130211114849.0 |
| 008 - FIXED-LENGTH DATA ELEMENTS--GENERAL INFORMATION | |
| fixed length control field | 091106s2010 nyu |rb 001 0 eng |
| 010 ## - LIBRARY OF CONGRESS CONTROL NUMBER | |
| LC control number | 2009046808 |
| 020 ## - INTERNATIONAL STANDARD BOOK NUMBER | |
| International Standard Book Number | 9780199548866 (pbk.) |
| 040 ## - CATALOGING SOURCE | |
| Original cataloging agency | DLC |
| Transcribing agency | DLC |
| 050 00 - LIBRARY OF CONGRESS CALL NUMBER | |
| Classification number | JZ1305 |
| Item number | .I565 2009 |
| 082 00 - DEWEY DECIMAL CLASSIFICATION NUMBER | |
| Classification number | 327.101 |
| Edition number | 22 |
| Item number | REL |
| 245 00 - TITLE STATEMENT | |
| Title | International Relations Theories : |
| Remainder of title | Discipline and Diversity / |
| Statement of responsibility, etc | Eedited by Tim Dunne, Milja Kurki, Steve Smith. |
| 250 ## - EDITION STATEMENT | |
| Edition statement | 2nd ed. |
| 260 ## - PUBLICATION, DISTRIBUTION, ETC. (IMPRINT) | |
| Place of publication, distribution, etc | New York : |
| Name of publisher, distributor, etc | Oxford University Press, 2010 |
| Date of publication, distribution, etc | 2010 |
| 263 ## - PROJECTED PUBLICATION DATE | |
| Projected publication date | 0912 |
| 300 ## - PHYSICAL DESCRIPTION | |
| Extent | 365 p.; |
| Dimensions | 23 cm. |
| 504 ## - BIBLIOGRAPHY, ETC. NOTE | |
| Bibliography, etc | Includes bibliographical references(p.324-341) and index. |
| 505 8# - FORMATTED CONTENTS NOTE | |
| Formatted contents note | Machine generated contents note: -- Introduction, Steve Smith -- 1. International Relations and Social Science, Milja Kurki -- 2. Normative International Relations Theory (NEW), Toni Erskine -- 3. Classical Realism, Richard Ned Lebow -- 4. Structural Realism, John Mearsheimer -- 5. Liberalism, Bruce Russett -- 6. Neoliberalism, Jennifer Sterling-Folker -- 7. English School, Tim Dunne -- 8. Marxism and Critical Theory, Mark Rupert -- 9. Constructivism, Karin Fierke -- 10. Feminism, J. Ann Tickner -- 11. Poststructuralism, David Campbell -- 12. Postcolonialism, Siba Grovogui -- 13. Green Theory, Robyn Eckersley -- 14. Globalisation Theory, Colin Hay -- Conclusion, Ole Waever. |
| 650 #0 - SUBJECT ADDED ENTRY--TOPICAL TERM | |
| Topical term or geographic name as entry element | International relations. |
| 9 (RLIN) | 12296 |
| 650 #0 - SUBJECT ADDED ENTRY--TOPICAL TERM | |
| Topical term or geographic name as entry element | International relations |
| General subdivision | Research. |
| 9 (RLIN) | 12297 |
| 653 ## - INDEX TERM--UNCONTROLLED | |
| Resource For college | |
| Arrived date list | February2013 |
| 700 1# - ADDED ENTRY--PERSONAL NAME | |
| Personal name | Dunne, Timothy, |
| Dates associated with a name | 1965- |
| 9 (RLIN) | 12298 |
| 700 1# - ADDED ENTRY--PERSONAL NAME | |
| Personal name | Kurki, Milja. |
| 9 (RLIN) | 12299 |
| 700 1# - ADDED ENTRY--PERSONAL NAME | |
| Personal name | Smith, Steve, |
| Dates associated with a name | 1952- |
| 9 (RLIN) | 12300 |
| 942 ## - ADDED ENTRY ELEMENTS (KOHA) | |
| Source of classification or shelving scheme | Dewey Decimal Classification |
| Item type | NB - Book (Non borrowing) |
| Withdrawn status | Item status | Source of classification or shelving scheme | Damaged status | Not for loan | Vendor | Home library | Current library | Shelving location | Date acquired | Total Checkouts | Full call number | Barcode | Date last seen | Date last borrowed | Koha item type | Source of acquisition | Total Renewals | Materials specified (bound volume or other part) |
|---|---|---|---|---|---|---|---|---|---|---|---|---|---|---|---|---|---|---|
| Dewey Decimal Classification | Baccah | Central Library | Central Library | First floor | 07/03/2010 | 9 | 327.101 INT | 000020085 | 15/07/2025 | 05/03/2014 | NB - Book (Non borrowing) | |||||||
| Dewey Decimal Classification | Baccah | Central Library | Central Library | First floor | 07/03/2010 | 20 | 327.101 REL | 000020107 | 15/07/2025 | 16/05/2018 | Book - Borrowing | 67 | ||||||
| Dewey Decimal Classification | Baccah | Central Library | Central Library | First floor | 11/02/2013 | 9 | 327.101 INT | 000028157 | 15/07/2025 | 22/02/2017 | NB - Book (Non borrowing) | Purchase | 42 | |||||
| Dewey Decimal Classification | Damaged | Baccah | Central Library | Central Library | First floor | 11/02/2013 | 5 | 327.101 INT | 000028158 | 24/08/2016 | 18/02/2015 | Book - Borrowing | 36 | BOX04 | ||||
| Dewey Decimal Classification | Damaged | Baccah | Central Library | Central Library | First floor | 11/02/2013 | 8 | 327.101 INT | 000028159 | 24/08/2022 | 04/11/2020 | Book - Borrowing | 51 | BOX07 | ||||
| Dewey Decimal Classification | Baccah | Central Library | Central Library | First floor | 11/02/2013 | 13 | 327.101 INT | 000028160 | 15/07/2025 | 01/04/2021 | Book - Borrowing | 49 |